Statistiques concernant Culture Générale - Série 34

Cliquez ici pour prendre le quiz!

Statistiques générales

  • Ce quiz a été pris 1 639 fois
  • Le résultat moyen est 6 sur 9

Statistiques - réponses

QuestionRéponse% Correct
Dans la mythologie grecque, quel était le point faible d'Achille ?Talon
96%
Dans la mythologie grecque, comment s'appelle le cheval ailé ?Pégase
86%
Dans la mythologie grecque, comment s’appellent les géants dotés d’un seul œil au milieu du front ?Cyclopes
77%
Qui est le réalisateur du film Titanic sorti en 1997 ?James Cameron
75%
Qu’est-ce qu’un stradivarius ?Violon
74%
Qu’a donné Prométhée aux hommes, cet acte lui valant le châtiment de Zeus ?Feu
61%
Qui a écrit La Bête humaine ?Emile Zola
60%
Quel héros de la mythologie grecque provoque la mort du Sphinx en répondant à son énigme ?Oedipe
44%
Qui a inventé la photographie en 1816 ?Nicéphore Niépce
23%

Distribution des résultats

Percentile par nombre de réponses

% des personnes avec chaque résultat

Votre développement - résultats

Vous n’avez pas pris ce quiz